[Event "Rhein Main op 11th"]
[Site "Bad Homburg"]
[Date "2008.05.25"]
[Round "7"]
[White "Hoehler, Bernd"]
[Black "Feigl, Markus"]
[Result "0-1"]
[WhiteElo "1639"]
[BlackElo "1887"]
[PlyCount "74"]
[EventDate "2008.05.21"]
[EventType "swiss"]
[EventRounds "7"]
[EventCountry "GER"]
[SourceTitle "CBM 124 Extra"]
[Source "ChessBase"]
[SourceDate "2008.07.03"]
[SourceVersion "1"]
[SourceVersionDate "2008.07.03"]
[SourceQuality "1"]

1. e4 e6 2. d4 d5 3. Nc3 c6 4. a3 Nd7 5. Bd3 a6 6. Nf3 Be7 7. 0-0 Nf8 8. Re1 Ng6 9. b4 Bd7 10. Bb2 Qc7 11. Na4 dxe4 12. Bxe4 Rd8 13. Qe2 Nf6 14. Bd3 Bc8 15. Rad1 0-0 16. Nc3 Rfe8 17. g3 Bd6 18. Ne4 Nxe4 19. Bxe4 Be7 20. Ne5 Bf6 21. Nxg6 hxg6 22. Bf3 b6 23. c3 g5 24. Qe4 Bd7 25. Qc2 g6 26. Bc1 Kg7 27. Be3 Be7 28. Kg2 Rh8 29. Rh1 Rh7 30. Qc1 f6 31. Be4 Rdh8 32. f4 g4 33. Qc2 f5 34. Bd3 Qb7 35. d5 c5 36. c4 exd5 37. cxd5 Be6 0-1

[Event "Rhein Main op 11th"]
[Site "Bad Homburg"]
[Date "2008.05.23"]
[Round "4"]
[White "Willems, Matthias"]
[Black "Hoehler, Bernd"]
[Result "1-0"]
[WhiteElo "2034"]
[BlackElo "1639"]
[PlyCount "99"]
[EventDate "2008.05.21"]
[EventType "swiss"]
[EventRounds "7"]
[EventCountry "GER"]
[SourceTitle "CBM 124 Extra"]
[Source "ChessBase"]
[SourceDate "2008.07.03"]
[SourceVersion "1"]
[SourceVersionDate "2008.07.03"]
[SourceQuality "1"]

1. c4 e6 2. Nf3 f5 3. g3 Nf6 4. Bg2 Be7 5. 0-0 0-0 6. d3 d5 7. Nbd2 c6 8. b3 Nbd7 9. Bb2 h6 10. Qc2 Bd6 11. e4 fxe4 12. dxe4 Be7 13. Rad1 Qe8 14. e5 Nh7 15. a3 Qf7 16. b4 Ng5 17. Nh4 Rd8 18. Ng6 Nf8 19. Nxe7+ Qxe7 20. f4 Ngh7 21. Nf3 Bd7 22. Nd4 g6 23. c5 a5 24. Bc3 axb4 25. axb4 Ra6 26. Ra1 Rda8 27. Rxa6 Rxa6 28. Ra1 Rxa1+ 29. Bxa1 Qd8 30. Bh3 Kg7 31. Qd2 Qe7 32. Qe3 Be8 33. Bc3 h5 34. Bf1 Kg8 35. Bd3 Bd7 36. Nf3 Be8 37. Kg2 Nd7 38. h3 Nhf8 39. Nh4 Qg7 40. Bc2 Bf7 41. Nf3 Qh6 42. Bd2 Qg7 43. Qa3 b5 44. Qa8 g5 45. Qxc6 g4 46. hxg4 hxg4 47. Nh4 Nxe5 48. fxe5 Qxe5 49. Qxb5 Ng6 50. Nxg6 1-0

[Event "Rhein Main op 11th"]
[Site "Bad Homburg"]
[Date "2008.05.22"]
[Round "2"]
[White "Ewin, Hans Peter"]
[Black "Hoehler, Bernd"]
[Result "1-0"]
[WhiteElo "1920"]
[BlackElo "1639"]
[PlyCount "61"]
[EventDate "2008.05.21"]
[EventType "swiss"]
[EventRounds "7"]
[EventCountry "GER"]
[SourceTitle "CBM 124 Extra"]
[Source "ChessBase"]
[SourceDate "2008.07.03"]
[SourceVersion "1"]
[SourceVersionDate "2008.07.03"]
[SourceQuality "1"]

1. e4 e6 2. d4 d5 3. Nc3 Nf6 4. Bg5 Be7 5. e5 Nfd7 6. h4 0-0 7. Qg4 f5 8. Qg3 Qe8 9. Nf3 c5 10. Nb5 Qd8 11. Bxe7 Qxe7 12. Nc7 cxd4 13. 0-0-0 Nb6 14. Nxa8 Nxa8 15. Nxd4 Nc6 16. f4 Bd7 17. Nb5 a6 18. Nd6 b5 19. Be2 Nb6 20. Qg5 Nc4 21. Bxc4 bxc4 22. Qxe7 Nxe7 23. Nxc4 Bc6 24. Nd6 Rb8 25. c3 Nc8 26. Nxc8 Rxc8 27. h5 d4 28. Rxd4 Bxg2 29. Rg1 Bf3 30. h6 g6 31. Rd6 1-0

[Event "Rhein Main op 10th"]
[Site "Bad Homburg"]
[Date "2007.06.10"]
[Round "7"]
[White "Hoehler, Bernd"]
[Black "Larem, Peter"]
[Result "0-1"]
[WhiteElo "1635"]
[BlackElo "1962"]
[PlyCount "64"]
[EventDate "2007.06.06"]
[EventType "swiss"]
[EventRounds "7"]
[EventCountry "GER"]
[SourceTitle "EXT 2008"]
[Source "ChessBase"]
[SourceDate "2007.11.25"]
[SourceVersion "1"]
[SourceVersionDate "2007.11.25"]
[SourceQuality "1"]

1. e4 e5 2. Nf3 Nf6 3. Nxe5 d6 4. Nf3 Nxe4 5. d4 d5 6. Bd3 Nc6 7. 0-0 Be7 8. Nbd2 f5 9. c3 0-0 10. Re1 Kh8 11. Nf1 Bd6 12. Qe2 Qf6 13. Qc2 Ne7 14. N1d2 Ng6 15. Bf1 Nf4 16. g3 Ng6 17. Bg2 c6 18. b3 Bd7 19. Bb2 Rae8 20. Re2 f4 21. Rae1 fxg3 22. fxg3 Bg4 23. Nxe4 dxe4 24. Ne5 Bxe2 25. Nxg6+ hxg6 26. Qxe2 e3 27. Rf1 Qf2+ 28. Rxf2 exf2+ 29. Qxf2 Rxf2 30. Kxf2 Kg8 31. d5 Bc5+ 32. Kf1 Rf8+ 0-1